Compendium of school laws in the Philippines: (Record no. 405)
[ view plain ]
| 000 -LEADER | |
|---|---|
| fixed length control field | 00865nam a22001937a 4500 |
| 005 - DATE AND TIME OF LATEST TRANSACTION | |
| control field | 20221215012154.0 |
| 008 - FIXED-LENGTH DATA ELEMENTS--GENERAL INFORMATION | |
| fixed length control field | 221215b |||||||| |||| 00| 0 eng d |
| 082 ## - DEWEY DECIMAL CLASSIFICATION NUMBER | |
| Classification number | Fil. 344.599072 Sa246 2015 |
| 100 ## - MAIN ENTRY--PERSONAL NAME | |
| Personal name | Sarmiento, Ulpiano Lilan P., III |
| Relator term | author |
| 245 ## - TITLE STATEMENT | |
| Title | Compendium of school laws in the Philippines: |
| Remainder of title | volume 2 / |
| Statement of responsibility, etc. | Ulpiano Lilan P. Sarmiento III |
| 260 ## - PUBLICATION, DISTRIBUTION, ETC. | |
| Place of publication, distribution, etc. | Quezon City: |
| Name of publisher, distributor, etc. | S. L., |
| Date of publication, distribution, etc. | c2015. |
| 300 ## - PHYSICAL DESCRIPTION | |
| Extent | 2v (vi, 977; vii, 1120)p. |
| 500 ## - GENERAL NOTE | |
| General note | Includes index |
| 505 ## - FORMATTED CONTENTS NOTE | |
| Formatted contents note | vol. 1 the manual of regulation for private higher education; vol. 2 the revised manual of regulations for private schools in basic education |
| 541 ## - IMMEDIATE SOURCE OF ACQUISITION NOTE | |
| Accession number | 6067 v.1, 6068 v.2 |
| 650 ## - SUBJECT ADDED ENTRY--TOPICAL TERM | |
| Topical term or geographic name entry element | Private schools - law and legislation - Philippines |
| 650 ## - SUBJECT ADDED ENTRY--TOPICAL TERM | |
| Topical term or geographic name entry element | Universities and colleges - law and legislation - Philippines |
| 650 ## - SUBJECT ADDED ENTRY--TOPICAL TERM | |
| Topical term or geographic name entry element | Educational law and legislation - Philippines |
No items available.